| 000 -LEADER |
| fixed length control field |
00481cam a22001694a 4500 |
| 020 ## - INTERNATIONAL STANDARD BOOK NUMBER |
| ISBN |
1578081394 |
| 040 ## - CATALOGING SOURCE |
| Transcribing agency |
DLC |
| 041 1# - LANGUAGE CODE |
| Language code of original and/or intermediate translations of text |
fre |
| 082 00 - DEWEY DECIMAL CLASSIFICATION NUMBER |
| Classification number |
572 SCI 2001 A008 Or. |
| 245 10 - TITLE STATEMENT |
| Title |
Nitrogen assimilation by plants : |
| Remainder of title |
physiological, biochemical and molecular aspects / |
| 260 ## - PUBLICATION, DISTRIBUTION, ETC. (IMPRINT) |
| Place of publication |
Enfield, N.H. : |
| Name of publisher |
Science Publishers, |
| Year of publication |
2001. |
| 300 ## - PHYSICAL DESCRIPTION |
| Number of Pages |
xxi, 466 p. : |
| Other physical details |
ill. ; |
| Dimensions |
25 cm. |
| 650 #0 - SUBJECT ADDED ENTRY--TOPICAL TERM |
| Topical Term |
Nitrogen |
| 650 #0 - SUBJECT ADDED ENTRY--TOPICAL TERM |
| Topical Term |
Plants |
| 700 1# - ADDED ENTRY--PERSONAL NAME |
| Personal name |
Morot-Gaudry, Jean-François, |
| 942 ## - ADDED ENTRY ELEMENTS (KOHA) |
| Koha item type |
សៀវភៅភាសាបារាំង |
| 952 ## - LOCATION AND ITEM INFORMATION (KOHA) |
| Withdrawn status [LOCAL, KOHA] |
0 |